Statistiques concernant Evénements du 7 janvier

Cliquez ici pour prendre le quiz!

Statistiques générales

  • Ce quiz a été pris 52 fois
  • Le résultat moyen est 7 sur 15

Statistiques - réponses

HintRéponse% Correct
Attentat au siège du journal satirique français Charlie Hebdo2015
92%
Mort de France Gall2018
77%
Le couturier français Yves Saint Laurent annonce son départ de sa maison de couture2002
74%
Première publication de la bande dessinée de Tarzan1929
69%
Les Etats-Unis déclarent posséder la bombe H1953
69%
Election de Victor Hugo à l'Académie française1841
51%
Reprise de Calais par François de Guise.1558
49%
Un premier navire franchit le canal de Panama.1914
46%
Galilée observe des satellites de Jupiter1610
33%
Le général français Georges Boulanger est nommé ministre de la Guerre.1886
31%
Alphonse IV devient roi du Portugal1325
26%
Jean-Pierre Blanchard et John Jeffries traversent la Manche de Douvres à Calais en ballon1785
21%
Occupation britannique de la colonie hollandaise du Cap au sud de l'Afrique4.1806
18%
Un incendie détruit la ville de Jamestown en Virginie.1608
13%
Prise de pouvoir de Boris Godounov en Russie.1598
8%

Distribution des résultats

Percentile par nombre de réponses

% des personnes avec chaque résultat

Votre développement - résultats

Vous n’avez pas pris ce quiz